000 01769cam a22004574i 4500
003 PE-LiUPU
005 20250731173328.0
008 150625s r 000 0 d
035 _a(Sirsi) a39295
040 _aPE-LiUPU
_bspa
_cPE-LiUPU
_erda
082 0 4 _a225.6
_bK68
_221
100 1 _aKoester, Helmut,,
_d1926- ,
_eautor.
245 1 0 _aPaul and his world :
_binterpreting the New Testament in its context /
_cHelmut Koester.
264 1 _aMinneapolis :
_bFortress Press,
_c2007.
300 _a301 páginas :
_bilustraciones ;
_c24 cm.
336 _atext
_2rdacontent
337 _aunmediated
_2rdamedia
338 _avolume
_2rdacarrier
504 _aIncluye notas bibliográficas al pie de páginas.
505 0 _aReading Paul: His letters and their interpretation. -Reading Paul's world: The cultural and religious environment. -Reading early Christianity.
526 _aSEG42
526 _aSEG41
526 _aSEG40
526 _aSEG39
526 _aP94
526 _aP87
526 _aP86
526 _aP85
526 _aP77
526 _aP76
526 _aP35
541 _g01961-7000;
600 1 _aPablo, el ApóstolSanto
630 _aBiblia.
_pN.T.
_pEpistolas de Pablo
_xTEOLOGIA.
630 _aBiblia.
_pN.T.
_pCrítica, interpretación, etc.
910 _agl
_bjv
_clch
_d20081128
942 _2ddc
_cBOOK
949 _a225.6 K68
_wDEWEY
_c1
_i58801
_lCCODEBUL1
_mBUL
_p32.00
_r0
_sY
_tBOOK
_u2015-06-25
_xTEOLOGIA
_zUNKNOWN
_0COMPRA
_o.STAFF. Colección General
596 _a1
999 _a225.6 K68
_wDEWEY
_c47661
_i58801
_d47661
_f2021-11-9
_g6
_lCCODEBUL1
_mBUL
_p32.00
_q2
_r0
_sY
_tBOOK
_u2015-6-25
_xTEOLOGIA
_zUNKNOWN
_0COMPRA
_o.STAFF. Colección General
980 _81
_gALBERTO SANCHEZ Responsable de Automatización